| 000 | 00387nam a2200145Ia 4500 | ||
|---|---|---|---|
| 008 | 230917s9999||||xx |||||||||||||| ||und|| | ||
| 040 |
_e208702 _aMAIN |
||
| 041 | _aEnglish | ||
| 082 | _a581.192 G181P | ||
| 100 | _aGarg, B K | ||
| 245 | 0 | _aPlant analysis: Comprehensive methods and protocols | |
| 260 |
_aJodhpur _bScientific Publishers _c2012 |
||
| 300 | _avii, 571 p. | ||
| 942 | _cBK | ||
| 999 |
_c175673 _d175673 |
||